[Event "ENCI Limburg-open A"]
[Site "Maastricht"]
[Date "2010.05.21"]
[Round "1"]
[White "Michiels, Bart"]
[Black "Vogel, Jaap"]
[Result "1-0"]
[WhiteElo "2459"]
[BlackElo "2210"]
[PlyCount "77"]
[EventDate "2010.05.21"]
[EventType "swiss"]
[EventRounds "7"]
[EventCountry "NED"]
[Source "P.Boonen"]
[SourceDate "2010.10.01"]

1. e4 e6 2. d4 d5 3. Nc3 Bb4 4. e5 b6 5. Qg4 Bf8 6. Bg5 Qd7 7. f4 h6 8. Bh4 h5
9. Qh3 Ne7 10. Nge2 Nbc6 11. O-O-O Bb7 12. Bg5 g6 13. Bf6 Rg8 14. g4 Bg7 15.
Ng3 O-O-O 16. Bxg7 Rxg7 17. gxh5 Rh8 18. Be2 gxh5 19. Qf1 h4 20. Nh5 Rg6 21.
Nf6 Rxf6 22. exf6 Nf5 23. Qf2 Qd8 24. Bg4 Qxf6 25. Bxf5 Qxf5 26. Rhg1 Ne7 27.
Qe3 Ng6 28. Rdf1 f6 29. Qf3 Ba6 30. Rf2 Kd7 31. Nd1 Ne7 32. Ne3 Qe4 33. f5 exf5
34. Nxf5 Qxf3 35. Rxf3 Nxf5 36. Rxf5 Ke6 37. Rf2 c5 38. dxc5 bxc5 39. Re1+ 1-0

[Event "ENCI Limburg-open A"]
[Site "Maastricht"]
[Date "2010.05.21"]
[Round "1"]
[White "Nabuurs, Joep"]
[Black "Dambacher, Martijn"]
[Result "0-1"]
[WhiteElo "2218"]
[BlackElo "2486"]
[PlyCount "94"]
[EventDate "2010.05.21"]
[EventType "swiss"]
[EventRounds "7"]
[EventCountry "NED"]
[Source "P.Boonen"]
[SourceDate "2010.10.01"]

1. e4 c5 2. Nf3 e6 3. d4 cxd4 4. Nxd4 a6 5. Bd3 Bc5 6. Nb3 Be7 7. Nc3 d6 8. Qe2
Nf6 9. O-O Nc6 10. Be3 b5 11. a4 b4 12. Na2 O-O 13. Nd4 Nxd4 14. Bxd4 e5 15.
Be3 d5 16. exd5 Qxd5 17. Rfd1 e4 18. Bc4 Qe5 19. h3 Bd6 20. Rxd6 Qxd6 21. c3
bxc3 22. b4 Be6 23. Bc5 Bxc4 24. Qxc4 Qd3 25. Qxc3 Rfd8 26. Qe1 Nd5 27. Nc1 Qc3
28. Ne2 Qxe1+ 29. Rxe1 Rab8 30. Ng3 Nxb4 31. Rxe4 Nd3 32. Be3 Rb4 33. Kf1 Rxe4
34. Nxe4 f5 35. Nc5 Nxc5 36. Bxc5 Rd5 37. Bb6 a5 38. g4 Kf7 39. Kg2 Ke6 40. Kf3
Rd3+ 41. Kg2 Rd5 42. Kf3 Kd6 43. Kf4 Kc6 44. Be3 fxg4 45. hxg4 Rd1 46. Kg5 Rd3
47. Kf5 Ra3 0-1

[Event "ENCI Limburg-open A"]
[Site "Maastricht"]
[Date "2010.05.21"]
[Round "1"]
[White "Nabuurs, Mart"]
[Black "Haast, Anne"]
[Result "1-0"]
[WhiteElo "2161"]
[BlackElo "2220"]
[PlyCount "47"]
[EventDate "2010.05.21"]
[EventType "swiss"]
[EventRounds "7"]
[EventCountry "NED"]
[Source "P.Boonen"]
[SourceDate "2010.10.01"]

1. e4 e5 2. f4 exf4 3. Be2 h6 4. h4 g5 5. g3 Bg7 6. d4 d5 7. e5 c5 8. c3 cxd4
9. cxd4 Nc6 10. Nc3 Nge7 11. gxf4 gxf4 12. Nf3 Bg4 13. Bxf4 Nf5 14. Qa4 O-O 15.
O-O-O Rc8 16. Kb1 a6 17. Rhg1 Bxf3 18. Bxf3 Qxh4 19. Nxd5 b5 20. Qxa6 Nb4 21.
Qf6 Nxd5 22. Bxd5 Qh5 23. Rxg7+ Nxg7 24. Rg1 1-0

[Event "ENCI Limburg-open A"]
[Site "Maastricht"]
[Date "2010.05.21"]
[Round "1"]
[White "Nijs, Nils"]
[Black "Gharamian, Tigran"]
[Result "0-1"]
[WhiteElo "2250"]
[BlackElo "2632"]
[PlyCount "52"]
[EventDate "2010.05.21"]
[EventType "swiss"]
[EventRounds "7"]
[EventCountry "NED"]
[Source "P.Boonen"]
[SourceDate "2010.10.01"]

1. d4 e6 2. c4 Bb4+ 3. Bd2 a5 4. e3 d6 5. Bd3 e5 6. Nc3 Nf6 7. Nge2 Nc6 8. O-O
O-O 9. Bc2 Bg4 10. f3 exd4 11. exd4 Bh5 12. Bg5 Bxc3 13. Nxc3 h6 14. Bh4 g5 15.
Bf2 Bg6 16. h4 Nh5 17. hxg5 Bxc2 18. Qxc2 Qxg5 19. Rae1 Nb4 20. Qe4 Nf4 21. g3
Nbd3 22. Nd5 f5 23. Qe7 Nxd5 24. Qe6+ Kh8 25. Qxd5 Nxe1 26. Rxe1 f4 0-1

[Event "ENCI Limburg-open A"]
[Site "Maastricht"]
[Date "2010.05.21"]
[Round "1"]
[White "Richter, Goetz"]
[Black "Groffen, Hans"]
[Result "1/2-1/2"]
[WhiteElo "2080"]
[BlackElo "2149"]
[PlyCount "73"]
[EventDate "2010.05.21"]
[EventType "swiss"]
[EventRounds "7"]
[EventCountry "NED"]
[Source "P.Boonen"]
[SourceDate "2010.10.01"]

1. e4 e6 2. d4 d5 3. Nc3 Nf6 4. Bg5 Bb4 5. e5 h6 6. Bd2 Bxc3 7. bxc3 Ne4 8. Qg4
Kf8 9. Bd3 Nxd2 10. Kxd2 c5 11. Nf3 c4 12. Be2 b5 13. Qf4 Nc6 14. g4 Qe7 15. a3
a5 16. h4 Ke8 17. h5 Rb8 18. Rhg1 b4 19. axb4 axb4 20. g5 bxc3+ 21. Ke3 Rb2 22.
Bd1 Nb4 23. gxh6 gxh6 24. Ne1 Nc6 25. Rg7 Rf8 26. Nf3 Qb7 27. Qxh6 Rb1 28. Rxb1
Qxb1 29. Ke2 Ne7 30. Qg5 Bd7 31. h6 Ba4 32. Ne1 Nf5 33. Qf4 Qb6 34. Nf3 Qb1 35.
Ne1 Qb6 36. Nf3 Qb1 37. Ne1 1/2-1/2

[Event "ENCI Limburg-open A"]
[Site "Maastricht"]
[Date "2010.05.21"]
[Round "1"]
[White "Roos, Adrian"]
[Black "Thakoerdien, Jerrel"]
[Result "1-0"]
[WhiteElo "2098"]
[BlackElo "2001"]
[PlyCount "123"]
[EventDate "2010.05.21"]
[EventType "swiss"]
[EventRounds "7"]
[EventCountry "NED"]
[Source "P.Boonen"]
[SourceDate "2010.10.01"]

1. e4 d5 2. exd5 Nf6 3. Nf3 Nxd5 4. d4 g6 5. c4 Nb6 6. h3 Bg7 7. Nc3 O-O 8. Be3
Nc6 9. Qd2 e5 10. d5 Ne7 11. g4 f5 12. Be2 e4 13. Ng5 h6 14. Ne6 Bxe6 15. dxe6
Qxd2+ 16. Kxd2 Rad8+ 17. Kc2 Nc6 18. gxf5 Rxf5 19. Nb5 Be5 20. Rad1 Rdf8 21.
Rhg1 Kg7 22. Bc5 Re8 23. Bg4 Rf6 24. Nc3 e3 25. Bxe3 Nxc4 26. Rd7+ Re7 27. Ne4
Nxe3+ 28. fxe3 Rf8 29. Bh5 g5 30. Rgd1 Bd6 31. Nxd6 cxd6 32. R1xd6 Kf6 33. Rxe7
Kxe7 34. Rd7+ Kxe6 35. Rxb7 Rf2+ 36. Kc3 Ne7 37. Bg4+ Kf6 38. e4 Rf4 39. e5+
Kf7 40. Rxa7 Re4 41. e6+ Kf6 42. Kd3 Rb4 43. b3 h5 44. Bxh5 Nc6 45. Rc7 Rh4 46.
Rxc6 Rxh3+ 47. Kc4 Rxh5 48. a4 g4 49. e7+ Kxe7 50. Rg6 Rh4 51. a5 Kf7 52. Rg5
Kf6 53. Rg8 Kf7 54. a6 Kxg8 55. a7 Kg7 56. a8=Q Kg6 57. Qe4+ Kg5 58. Qe5+ Kg6
59. Qf4 Kh5 60. Qf5+ Kh6 61. Kc3 g3 62. Qf3 1-0

[Event "ENCI Limburg-open A"]
[Site "Maastricht"]
[Date "2010.05.21"]
[Round "1"]
[White "Scholzen, Wolfgang"]
[Black "Schut, Han"]
[Result "1/2-1/2"]
[WhiteElo "2059"]
[BlackElo "2133"]
[PlyCount "114"]
[EventDate "2010.05.21"]
[EventType "swiss"]
[EventRounds "7"]
[EventCountry "NED"]
[Source "P.Boonen"]
[SourceDate "2010.10.01"]

1. e4 c5 2. Nf3 d6 3. d4 cxd4 4. Nxd4 Nf6 5. Nc3 a6 6. Be2 e5 7. Nb3 Be7 8. O-O
Be6 9. Be3 O-O 10. f4 exf4 11. Bxf4 Nc6 12. Kh1 Ne5 13. Nd4 Rc8 14. Nxe6 fxe6
15. Qe1 Qb6 16. Rb1 Qc6 17. Bd3 Nh5 18. Bd2 Rxf1+ 19. Qxf1 Rf8 20. Qe2 Nf4 21.
Bxf4 Rxf4 22. Rf1 Rxf1+ 23. Qxf1 Qb6 24. Nd1 Bf6 25. Bc4 Kf7 26. Bb3 Ke7 27.
Qf2 Qc6 28. Nc3 Nc4 29. Qe2 Bxc3 30. bxc3 Ne5 31. Qe3 h6 32. Qh3 Qd7 33. Qh4+
Ke8 34. Qh3 Ke7 35. Qh4+ Kf8 36. Qh3 Qf7 37. Kg1 Ke7 38. Qe3 Nd7 39. Qa7 Nc5
40. e5 Qf4 41. exd6+ Qxd6 42. h3 Qe5 43. Qb6 Qxc3 44. Qc7+ Kf6 45. Qd8+ Kg6 46.
Qd6 Kf5 47. Qf8+ Ke4 48. Qe7 Qa1+ 49. Kh2 Qe5+ 50. Kh1 Qg5 51. Qe8 Qc1+ 52. Kh2
Qf4+ 53. Kh1 Ke3 54. Qe7 Ne4 55. Qxe6 Qf1+ 56. Kh2 Qf4+ 57. Kh1 Qf1+ 1/2-1/2

[Event "ENCI Limburg-open A"]
[Site "Maastricht"]
[Date "2010.05.21"]
[Round "1"]
[White "Schuh, Dirk"]
[Black "Bomans, Arno"]
[Result "1-0"]
[WhiteElo "2344"]
[BlackElo "2187"]
[PlyCount "109"]
[EventDate "2010.05.21"]
[EventType "swiss"]
[EventRounds "7"]
[EventCountry "NED"]
[Source "P.Boonen"]
[SourceDate "2010.10.01"]

1. e4 c5 2. Nc3 d6 3. Nf3 Nf6 4. e5 dxe5 5. Nxe5 Nbd7 6. Nc4 e6 7. g3 Nb6 8. b3
Nbd5 9. Bb2 Nxc3 10. Bxc3 Qd5 11. f3 h5 12. Ne5 a6 13. a4 h4 14. Bc4 Qd8 15.
Kf2 Bd6 16. Qe2 Bd7 17. Rae1 Bxe5 18. Bxe5 Bc6 19. g4 Qd7 20. a5 O-O-O 21. d3
Nd5 22. Bxd5 exd5 23. Bxg7 Rhg8 24. Bf6 Rde8 25. Qd2 Qd6 26. Bxh4 Rxe1 27. Qxe1
Re8 28. Qd2 d4 29. Bg3 Qe6 30. Rf1 Qe3+ 31. Qxe3 Rxe3 32. Kg2 Kd7 33. h4 f6 34.
h5 Bd5 35. Bh4 Ke7 36. h6 Kf7 37. Bg3 Kg6 38. Rf2 f5 39. gxf5+ Kh7 40. Bf4 Re8
41. Kg3 Bc6 42. Rh2 Rg8+ 43. Kf2 Bd7 44. Rh5 Be8 45. Rg5 Rxg5 46. Bxg5 Bd7 47.
f6 Kg6 48. Kg3 c4 49. Kf4 cxb3 50. cxb3 Be6 51. b4 Bg8 52. Ke5 Ba2 53. Kd6 Bb1
54. Ke7 Ba2 55. Bd2 1-0

[Event "ENCI Limburg-open A"]
[Site "Maastricht"]
[Date "2010.05.21"]
[Round "1"]
[White "Schut, Lisa"]
[Black "Kirkebo, Carl Peter"]
[Result "1-0"]
[WhiteElo "2267"]
[BlackElo "2159"]
[PlyCount "63"]
[EventDate "2010.05.21"]
[EventType "swiss"]
[EventRounds "7"]
[EventCountry "NED"]
[Source "P.Boonen"]
[SourceDate "2010.10.01"]

1. e4 Nf6 2. e5 Nd5 3. d4 d6 4. c4 Nb6 5. exd6 exd6 6. Nc3 Be7 7. h3 Nc6 8. Nf3
O-O 9. Bd3 Re8 10. O-O d5 11. c5 Nc4 12. b3 N4a5 13. Bf4 a6 14. Re1 Be6 15. a3
Bf6 16. Bf1 Nxd4 17. Nxd4 Bxd4 18. Qxd4 Nxb3 19. Qb4 Nxa1 20. Rxa1 Qf6 21. Bxc7
Rac8 22. Bd6 b5 23. Rd1 Qf5 24. a4 a5 25. Qxb5 Qc2 26. Qxa5 d4 27. Rxd4 Bb3 28.
Nd5 Ra8 29. Ne7+ Kh8 30. Qe1 Bxa4 31. Bd3 Qb3 32. Qe4 1-0

[Event "ENCI Limburg-open A"]
[Site "Maastricht"]
[Date "2010.05.21"]
[Round "1"]
[White "Shchekachev, Andrei"]
[Black "Pietersma, Menno"]
[Result "0-1"]
[WhiteElo "2549"]
[BlackElo "2225"]
[PlyCount "78"]
[EventDate "2010.05.21"]
[EventType "swiss"]
[EventRounds "7"]
[EventCountry "NED"]
[Source "P.Boonen"]
[SourceDate "2010.10.01"]

1. Nf3 d5 2. d4 Nf6 3. c4 e6 4. Nc3 b6 5. cxd5 Nxd5 6. e4 Nxc3 7. bxc3 Bb7 8.
Bd3 Be7 9. h4 Nd7 10. e5 c5 11. Kf1 h6 12. Rh3 Qc7 13. h5 O-O-O 14. Rg3 Kb8 15.
Qe2 Rdg8 16. a4 a5 17. Rb1 Ka7 18. Nd2 Bc6 19. Bb5 g6 20. Bxc6 Qxc6 21. Qf3
Qxa4 22. Kg1 Rf8 23. hxg6 fxg6 24. Qg4 Rf5 25. Qxg6 Bh4 26. Rf3 Qd1+ 27. Kh2
Bxf2 28. Ba3 Qxd2 29. Rxf5 exf5 30. Qxf5 Rd8 31. Rb2 Qxc3 32. Rxf2 Qxa3 33. d5
c4 34. Qe6 Nxe5 35. Rf6 Qd6 36. Qxd6 Rxd6 37. Rxd6 c3 38. Re6 c2 39. Re7+ Kb8
0-1

[Event "ENCI Limburg-open A"]
[Site "Maastricht"]
[Date "2010.05.21"]
[Round "1"]
[White "Sinz, Bernhard"]
[Black "Nijboer, Friso"]
[Result "0-1"]
[WhiteElo "2226"]
[BlackElo "2567"]
[PlyCount "94"]
[EventDate "2010.05.21"]
[EventType "swiss"]
[EventRounds "7"]
[EventCountry "NED"]
[Source "P.Boonen"]
[SourceDate "2010.10.01"]
[WhiteClock "0:13:00"]

1. e4 c5 2. Nf3 Nc6 3. d4 cxd4 4. Nxd4 Nf6 5. Nc3 d6 6. Bg5 e6 7. Qd2 a6 8.
O-O-O Bd7 9. Be2 h6 10. Bxf6 Qxf6 11. Qe3 Qd8 12. f4 Be7 13. Kb1 Qc7 14. f5 O-O
15. g4 Qb6 16. Qg1 Nxd4 17. Qxd4 Qxd4 18. Rxd4 b5 19. Rhd1 Bc6 20. Bf3 Rac8 21.
a3 g6 22. g5 Ba8 23. R4d3 hxg5 24. fxe6 fxe6 25. Bg4 Kg7 26. Bxe6 Rce8 27. Bd5
Bxd5 28. Nxd5 Rh8 29. Nxe7 Rxe7 30. Rxd6 Rxh2 31. Rxa6 g4 32. Rd5 Rh5 33. Rad6
Rxd5 34. Rxd5 Rxe4 35. Kc1 Kh6 36. Rd1 Kg5 37. Rg1 Kh4 38. Kd2 g3 39. Kd3 Re6
40. b3 Kh3 41. c4 bxc4+ 42. Kxc4 Kh2 43. Rb1 g2 44. b4 Ra6 45. Kb3 Rf6 46. a4
Rf1 47. Rb2 Kh3 0-1

[Event "ENCI Limburg-open A"]
[Site "Maastricht"]
[Date "2010.05.21"]
[Round "1"]
[White "Skutta, Bernd"]
[Black "Groot, Simon"]
[Result "1/2-1/2"]
[WhiteElo "2121"]
[BlackElo "2026"]
[PlyCount "95"]
[EventDate "2010.05.21"]
[EventType "swiss"]
[EventRounds "7"]
[EventCountry "NED"]
[Source "P.Boonen"]
[SourceDate "2010.10.01"]

1. d4 e6 2. c4 f5 3. Nf3 Nf6 4. Nc3 Bb4 5. Qc2 b6 6. a3 Bxc3+ 7. Qxc3 Bb7 8. g3
O-O 9. Bg2 Be4 10. O-O d6 11. Bh3 Qe8 12. Ng5 h6 13. Nxe4 Nxe4 14. Qd3 Nc6 15.
Bg2 e5 16. e3 Kh8 17. b4 exd4 18. exd4 Qd7 19. Bb2 Rae8 20. f3 Nf6 21. Bh3 g6
22. b5 Nd8 23. d5 Kh7 24. Kf2 Qf7 25. Kg1 Nb7 26. Qd4 Nd7 27. Rae1 Nbc5 28. Bg2
Ne5 29. Re3 Ncd7 30. f4 Ng4 31. Re6 Nc5 32. Ree1 Ne4 33. Bxe4 Rxe4 34. Rxe4
fxe4 35. Qxe4 Re8 36. Qd4 h5 37. h3 Nh6 38. g4 hxg4 39. hxg4 Nxg4 40. f5 gxf5
41. Rf3 Qg6 42. Rh3+ Nh6+ 43. Kf1 Rg8 44. Rh2 Qg4 45. Qxg4 fxg4 46. Bc1 Rg6 47.
Kg2 Kg7 48. Kg3 1/2-1/2

[Event "ENCI Limburg-open A"]
[Site "Maastricht"]
[Date "2010.05.21"]
[Round "1"]
[White "Van Eijk, Sander"]
[Black "Grecuccio, Nicola"]
[Result "1-0"]
[WhiteElo "2353"]
[BlackElo "2196"]
[PlyCount "179"]
[EventDate "2010.05.21"]
[EventType "swiss"]
[EventRounds "7"]
[EventCountry "NED"]
[Source "P.Boonen"]
[SourceDate "2010.10.01"]

1. e4 c5 2. Nf3 d6 3. d4 cxd4 4. Nxd4 Nf6 5. Nc3 a6 6. Bc4 e6 7. O-O Qc7 8. Bb3
b5 9. Re1 Be7 10. Qf3 O-O 11. Qg3 Nc6 12. Nxc6 Qxc6 13. Bh6 Ne8 14. Nd5 Bd8 15.
Re3 Kh8 16. Bg5 Bb7 17. Bxd8 Rxd8 18. Qh4 Qd7 19. Rh3 h6 20. Nf4 Nf6 21. Re1 a5
22. c3 e5 23. Nd3 Qg4 24. Qxg4 Nxg4 25. Rg3 Nf6 26. Rge3 g5 27. a4 Bc6 28. axb5
Bxb5 29. c4 Bc6 30. f3 Nd7 31. Ra1 Ra8 32. Kf2 Rfb8 33. Bc2 a4 34. Ra3 Nc5 35.
Ra2 Ne6 36. Ke1 Nd4 37. Kd2 f5 38. exf5 Nxf5 39. Re1 Nd4 40. Bd1 g4 41. fxg4
Bxg2 42. c5 Bd5 43. Ra3 dxc5 44. Rxe5 Rd8 45. Ke3 Nb3 46. Bxb3 Bxb3 47. Nxc5
Bd1 48. h3 Rab8 49. Ra2 Bc2 50. Re6 Kg7 51. Rc6 Bb3 52. Ra3 Re8+ 53. Kf4 Rf8+
54. Kg3 Rbe8 55. Rxb3 axb3 56. Ne6+ Rxe6 57. Rxe6 Rd8 58. Re3 Rb8 59. Kf4 Rb4+
60. Kf5 Rb5+ 61. Ke6 Kg6 62. Rf3 Rb6+ 63. Kd5 Kg5 64. Rf5+ Kh4 65. Rh5+ Kg3 66.
Kc4 Kf4 67. Kc5 Rg6 68. Kb4 Rb6+ 69. Kc4 Kg3 70. g5 hxg5 71. Rxg5+ Kxh3 72. Rb5
Rc6+ 73. Kxb3 Kg4 74. Ka4 Kf4 75. b4 Ke4 76. Rc5 Ra6+ 77. Kb5 Ra8 78. Kc4 Ra1
79. b5 Ra4+ 80. Kb3 Ra1 81. Kb4 Kd4 82. Rc2 Kd5 83. Rd2+ Ke6 84. b6 Rb1+ 85.
Kc5 Rc1+ 86. Kb5 Rb1+ 87. Kc6 Rc1+ 88. Kb7 Rb1 89. Kc7 Rc1+ 90. Kb8 1-0

[Event "ENCI Limburg-open A"]
[Site "Maastricht"]
[Date "2010.05.21"]
[Round "1"]
[White "Van Gool, Henk"]
[Black "Rendboe, John"]
[Result "1/2-1/2"]
[WhiteElo "2161"]
[BlackElo "2274"]
[PlyCount "71"]
[EventDate "2010.05.21"]
[EventType "swiss"]
[EventRounds "7"]
[EventCountry "NED"]
[Source "P.Boonen"]
[SourceDate "2010.10.01"]

1. d4 d5 2. Nf3 Nf6 3. g3 g6 4. Bg2 Bg7 5. O-O O-O 6. c4 c6 7. Nc3 dxc4 8. e4
b5 9. e5 Nd5 10. Ne4 Bf5 11. Qe2 Qb6 12. Rd1 Na6 13. Nh4 Bd7 14. a4 Rad8 15.
axb5 cxb5 16. Nc5 Bc8 17. Bd2 Nxc5 18. Ba5 Qe6 19. Bxd8 Nb3 20. Bxd5 Qxd5 21.
Bxe7 Bb7 22. f3 Re8 23. Rxa7 Rxe7 24. Qe4 Bf8 25. Qxd5 Bxd5 26. Rxe7 Bxe7 27.
Kf2 Nxd4 28. Rxd4 Bc5 29. Ke3 b4 30. Ng2 Bxf3 31. Ne1 Bd5 32. Nc2 Be6 33. Kd2
Bxd4 34. Nxd4 Bd5 35. Nc2 c3+ 36. bxc3 1/2-1/2

[Event "ENCI Limburg-open A"]
[Site "Maastricht"]
[Date "2010.05.21"]
[Round "1"]
[White "Van Laatum, Maarten"]
[Black "Samraoui, Mekki"]
[Result "1-0"]
[WhiteElo "2042"]
[BlackElo "2126"]
[PlyCount "31"]
[EventDate "2010.05.21"]
[EventType "swiss"]
[EventRounds "7"]
[EventCountry "NED"]
[Source "P.Boonen"]
[SourceDate "2010.10.01"]

1. e4 e6 2. d4 d5 3. Nc3 Bb4 4. e5 c5 5. a3 Bxc3+ 6. bxc3 Qc7 7. Nf3 Nc6 8. a4
f6 9. Bb5 Bd7 10. O-O Nge7 11. Re1 fxe5 12. Nxe5 cxd4 13. Bxc6 Bxc6 14. Qg4 Bd7
15. Qxg7 Rf8 16. Bh6 1-0

[Event "ENCI Limburg-open A"]
[Site "Maastricht"]
[Date "2010.05.21"]
[Round "1"]
[White "Van Vliet, Dennis"]
[Black "Baekelant, Eva"]
[Result "1/2-1/2"]
[WhiteElo "2104"]
[BlackElo "2016"]
[PlyCount "55"]
[EventDate "2010.05.21"]
[EventType "swiss"]
[EventRounds "7"]
[EventCountry "NED"]
[Source "P.Boonen"]
[SourceDate "2010.10.01"]

1. d4 Nf6 2. c4 g6 3. Nc3 Bg7 4. e4 d6 5. Be2 c6 6. Be3 a6 7. a4 Qa5 8. Bd2 Qb6
9. Nf3 a5 10. h3 O-O 11. O-O e5 12. Be3 Qc7 13. Qb3 Nfd7 14. dxe5 dxe5 15. Rad1
Na6 16. Ne1 Ndc5 17. Qa3 b6 18. Nc2 Be6 19. b4 axb4 20. Nxb4 Rfd8 21. Rxd8+
Rxd8 22. Nxa6 Nxa6 23. Rb1 Bf8 24. Qb2 Nb4 25. Na2 c5 26. Bd2 Nxa2 27. Qxa2 Qc6
28. Qc2 1/2-1/2

[Event "ENCI Limburg-open A"]
[Site "Maastricht"]
[Date "2010.05.21"]
[Round "1"]
[White "Verstraeten, Reinaert"]
[Black "Kuryliw, Ray"]
[Result "0-1"]
[WhiteElo "2007"]
[BlackElo "2103"]
[PlyCount "102"]
[EventDate "2010.05.21"]
[EventType "swiss"]
[EventRounds "7"]
[EventCountry "NED"]
[Source "P.Boonen"]
[SourceDate "2010.10.01"]

1. e4 e6 2. Nc3 d5 3. Nf3 Nf6 4. e5 Nfd7 5. d4 c5 6. Bf4 cxd4 7. Nxd4 Nc6 8.
Nxc6 bxc6 9. Bd3 c5 10. Bb5 a6 11. Bc6 Ra7 12. O-O Qb6 13. Bxd7+ Bxd7 14. Qd2
Be7 15. a4 Bc6 16. a5 Qb7 17. Na4 Bxa4 18. Rxa4 Qxb2 19. Raa1 Rb7 20. Qd3 Qb5
21. Qg3 g6 22. Bh6 Rg8 23. Bg5 Bxg5 24. Qxg5 h5 25. h4 Kd7 26. Qf4 Kc6 27. Rfd1
Rgb8 28. g3 Qe2 29. c3 Qg4 30. Qe3 Qf5 31. Ra4 Qc2 32. Raa1 Rb2 33. Qf4 R8b7
34. Rac1 Qf5 35. Qe3 R7b5 36. Ra1 Rb1 37. Raxb1 Rxb1 38. Rxb1 Qxb1+ 39. Kh2 Qe4
40. Qg5 Qf5 41. Qe3 Kb5 42. f4 Qe4 43. Qd2 Qc4 44. Qb2+ Kxa5 45. Qb7 Qe2+ 46.
Kh3 Qe1 47. Kh2 Qf2+ 48. Kh3 Qg1 49. Qc7+ Ka4 50. Qc6+ Kb3 51. Qb6+ Kc2 0-1

[Event "ENCI Limburg-open A"]
[Site "Maastricht"]
[Date "2010.05.21"]
[Round "1"]
[White "Vrancken, Gilbert"]
[Black "Sprangers, Remco"]
[Result "1-0"]
[WhiteElo "2165"]
[BlackElo "2287"]
[PlyCount "73"]
[EventDate "2010.05.21"]
[EventType "swiss"]
[EventRounds "7"]
[EventCountry "NED"]
[Source "P.Boonen"]
[SourceDate "2010.10.01"]

1. d4 Nf6 2. c4 e6 3. g3 d5 4. Bg2 dxc4 5. Nf3 a6 6. O-O Nc6 7. Na3 Bxa3 8.
bxa3 O-O 9. Bb2 Rb8 10. Qc2 b5 11. e4 Bb7 12. Rad1 Ne7 13. Rfe1 Ng6 14. h4 h6
15. d5 exd5 16. e5 Ne8 17. e6 f5 18. h5 Ne7 19. Ne5 c5 20. Nd7 d4 21. Bxb7 Rxb7
22. Nxc5 d3 23. Nxb7 Qb6 24. Qd2 f4 25. Na5 fxg3 26. Rf1 Rf5 27. Rde1 Nd5 28.
Re4 gxf2+ 29. Rxf2 c3 30. Bxc3 Nxc3 31. Qe3 Rg5+ 32. Kf1 Qxa5 33. Ref4 Nd5 34.
Rf8+ Kh7 35. Qxd3+ g6 36. hxg6+ Rxg6 37. Rh8+ 1-0

[Event "ENCI Limburg-open A"]
[Site "Maastricht"]
[Date "2010.05.22"]
[Round "2"]
[White "Admiraal, Miguoel"]
[Black "Friesen, Boris"]
[Result "1-0"]
[WhiteElo "2202"]
[BlackElo "2080"]
[PlyCount "63"]
[EventDate "2010.05.21"]
[EventType "swiss"]
[EventRounds "7"]
[EventCountry "NED"]
[Source "P.Boonen"]
[SourceDate "2010.10.01"]

1. e4 e6 2. d4 d5 3. Nc3 Nf6 4. e5 Nfd7 5. f4 c5 6. Nf3 Nc6 7. Be3 Qb6 8. Na4
Qa5+ 9. c3 cxd4 10. b4 Nxb4 11. cxb4 Bxb4+ 12. Bd2 Bxd2+ 13. Nxd2 g5 14. Rb1 a6
15. Be2 gxf4 16. O-O b5 17. Nb2 Nxe5 18. Nd3 Nxd3 19. Bxd3 e5 20. Qh5 Be6 21.
Qxe5 Ke7 22. Nb3 Qxa2 23. Nxd4 Rhg8 24. Rf2 Qa3 25. Qc7+ Ke8 26. Qc6+ Ke7 27.
Qb7+ Kd6 28. Qc6+ Ke7 29. Qc7+ Ke8 30. Re1 Qb4 31. Qc6+ Ke7 32. Rxe6+ 1-0

[Event "ENCI Limburg-open A"]
[Site "Maastricht"]
[Date "2010.05.22"]
[Round "2"]
[White "Baekelant, Eva"]
[Black "Van Gool, Henk"]
[Result "1/2-1/2"]
[WhiteElo "2016"]
[BlackElo "2161"]
[PlyCount "120"]
[EventDate "2010.05.21"]
[EventType "swiss"]
[EventRounds "7"]
[EventCountry "NED"]
[Source "P.Boonen"]
[SourceDate "2010.10.01"]

1. d4 Nf6 2. c4 e6 3. Nc3 d5 4. cxd5 exd5 5. Bg5 c6 6. e3 Bf5 7. Qb3 Qb6 8.
Bxf6 Qxb3 9. axb3 gxf6 10. Nf3 Nd7 11. Kd2 Bb4 12. Bd3 Bg6 13. Ne1 O-O 14. Nc2
Bd6 15. f3 Bxd3 16. Kxd3 f5 17. g3 a6 18. Ne1 Be7 19. Ng2 h6 20. Nf4 Kh7 21.
Rhe1 Rad8 22. Rac1 Rfe8 23. Kd2 Nf6 24. Nd3 Nd7 25. Na4 Bd6 26. Nac5 Nxc5 27.
Nxc5 Re7 28. Nd3 h5 29. Ke2 Rg8 30. Kf2 Rg7 31. Rg1 Kh6 32. Rc2 Re8 33. Nc5 f6
34. Rcc1 Reg8 35. Ne6 Re7 36. Nc5 Kg6 37. Nd3 Kf7 38. f4 Ke8 39. b4 Kd7 40. Ra1
Kc7 41. Ra3 h4 42. Raa1 Kb6 43. b3 Rge8 44. Rge1 Rh8 45. Rg1 hxg3+ 46. hxg3
Rh2+ 47. Kf3 Reh7 48. Rg2 Rh1 49. Rxh1 Rxh1 50. g4 fxg4+ 51. Kxg4 Kb5 52. Kf5
Rh3 53. Re2 Rh6 54. e4 dxe4 55. Rxe4 Rh3 56. Nc5 Bxc5 57. bxc5 Rxb3 58. Kxf6 a5
59. Ke6 a4 60. f5 a3 1/2-1/2

[Event "ENCI Limburg-open A"]
[Site "Maastricht"]
[Date "2010.05.22"]
[Round "2"]
[White "Bezemer, Arno"]
[Black "Roos, Adrian"]
[Result "1-0"]
[WhiteElo "2343"]
[BlackElo "2098"]
[PlyCount "87"]
[EventDate "2010.05.21"]
[EventType "swiss"]
[EventRounds "7"]
[EventCountry "NED"]
[Source "P.Boonen"]
[SourceDate "2010.10.01"]

1. d4 Nf6 2. c4 e6 3. Nc3 Bb4 4. e3 b6 5. Nge2 Ba6 6. Qa4 c5 7. dxc5 Bxc5 8.
Nf4 Bb7 9. Be2 g5 10. Nd3 Bxg2 11. Rg1 Bc6 12. Qc2 Qc7 13. Rg3 Be7 14. Bd2 h6
15. O-O-O Na6 16. f4 d6 17. e4 gxf4 18. Bxf4 Nc5 19. Nxc5 bxc5 20. Nb5 Bxb5 21.
cxb5 Rc8 22. Qa4 Kf8 23. Ra3 e5 24. Bd2 Ra8 25. Rf1 Nd7 26. Qc4 Nf6 27. Raf3 d5
28. exd5 Qd6 29. Qh4 Nxd5 30. Rxf7+ Ke8 31. Qe4 Rd8 32. Bh5 Kd7 33. Ba5 Rdf8
34. Rd1 Rxf7 35. Rxd5 Bg5+ 36. Kc2 Rf2+ 37. Kd1 Rf6 38. Rxd6+ Rxd6+ 39. Kc2 Rf8
40. Bg4+ Ke8 41. Qxe5+ Be7 42. Qh5+ Rf7 43. Bc3 Kf8 44. Qe5 1-0

[Event "ENCI Limburg-open A"]
[Site "Maastricht"]
[Date "2010.05.22"]
[Round "2"]
[White "Bok, Benjamin"]
[Black "Luncescu, Christian"]
[Result "1-0"]
[WhiteElo "2430"]
[BlackElo "2131"]
[PlyCount "101"]
[EventDate "2010.05.21"]
[EventType "swiss"]
[EventRounds "7"]
[EventCountry "NED"]
[Source "P.Boonen"]
[SourceDate "2010.10.01"]

1. e4 d5 2. exd5 Qxd5 3. Nc3 Qa5 4. d4 c6 5. Nf3 Nf6 6. Bc4 Bf5 7. Bd2 e6 8.
Nd5 Qd8 9. Nxf6+ gxf6 10. O-O Bg7 11. Nh4 Bg6 12. c3 Nd7 13. Re1 f5 14. g3 Nf6
15. Qb3 Qd7 16. Ng2 b5 17. Bf1 O-O 18. Nf4 Nd5 19. Nxd5 Qxd5 20. Bg2 Qd7 21. a4
a6 22. Bf4 Bh5 23. Qa3 Rac8 24. axb5 axb5 25. Qc5 Rfd8 26. Ra7 Qe8 27. Bc7 Rd5
28. Bxd5 cxd5 29. Qb6 Bf3 30. Rb7 Bf8 31. Rb8 Rxb8 32. Qxb8 Qxb8 33. Bxb8 b4
34. Rc1 b3 35. Ra1 f6 36. Kf1 Bh6 37. Bf4 Bg7 38. Ke1 Be4 39. Ra8+ Kf7 40. Ra7+
Kg6 41. Re7 e5 42. dxe5 fxe5 43. Bxe5 Bxe5 44. Rxe5 Kg5 45. h3 h5 46. f4+ Kf6
47. Kd2 Bg2 48. Ke3 Be4 49. Kd4 Bf3 50. h4 Be4 51. Kc5 1-0

[Event "ENCI Limburg-open A"]
[Site "Maastricht"]
[Date "2010.05.22"]
[Round "2"]
[White "Bomans, Arno"]
[Black "Woestenburg, Jochem"]
[Result "1/2-1/2"]
[WhiteElo "2187"]
[BlackElo "2019"]
[PlyCount "43"]
[EventDate "2010.05.21"]
[EventType "swiss"]
[EventRounds "7"]
[EventCountry "NED"]
[Source "P.Boonen"]
[SourceDate "2010.10.01"]

1. d4 Nf6 2. c4 g6 3. Nc3 d5 4. Nf3 Bg7 5. Qb3 dxc4 6. Qxc4 O-O 7. e4 Nc6 8.
Be2 Nd7 9. d5 Nde5 10. Nxe5 Nxe5 11. Qb3 c5 12. f4 c4 13. Qd1 Nd3+ 14. Bxd3
cxd3 15. Qxd3 Qb6 16. e5 Bf5 17. Qe3 Qa6 18. Rf1 Rac8 19. Rf3 f6 20. e6 Bg4 21.
f5 Bxf3 22. Qxf3 1/2-1/2